Szczegóły MARC21

Inteligentne specjalizacje i ich znaczenie w systemie zarządzania rozwojem innowacyjności w regionach : od teorii do praktyki /

003 -Nazwa inst., której nr kontr. jest w polu 001 [,]
    • @
    • Nazwa instytucji, której n kontrolny jest w polu 001
    • NUKAT
005 -DATA I CZAS OSTATNIEJ MODYFIKACJI [,]
    • @
    • pole kontrolne
    • 20251013104458.0
020 -Międzynarod. znormalizowany nr książki - ISBN [ , ]
    • a
    • Numer ISBN
    • 9788301243166 Find
    • q
    • Dopowiedzenie
    • (oprawa miękka)
040 -Instytucja sporządzająca opis [ , ]
    • a
    • Instytucja, która sporządziła opis (NP)
    • KR 7/HT
    • b
    • Język katalogowania
    • pol
    • e
    • Zasady katalogowania
    • rda
    • c
    • Instytucja, która sporządziła rekord (NP)
    • KR 7/HTs
    • d
    • Instytucja, która zmodyfikowała rekord (P)
    • KAT U/AF
942 -Rodzaj dokumentu [ , ]
    • c
    • Rodzaj dokumentu
    • Książka
100 -Hasło główne - nazwa osobowa [1, ]
    • a
    • Nazwa osobowa (NP)
    • Kogut-Jaworska, Magdalena.
    • e
    • Rodzaj współpracy
    • Autor
    • 9
    • KHW
    • 21985
245 -Strefa tytułu i oznaczenia odpowiedzialności [1,0]
    • a
    • Tytuł
    • Inteligentne specjalizacje i ich znaczenie w systemie zarządzania rozwojem innowacyjności w regionach : Find
    • b
    • Ciąg dalszy tytułu (NP)
    • od teorii do praktyki / Find
    • c
    • Pozostałe elementy strefy tytułu i oznaczenia odpowiedzialności (NP)
    • Magdalena Kogut-Jaworska, Elżbieta Ociepa-Kicińska.
250 -Strefa wydania [ , ]
    • a
    • Oznaczenie wydania (NP)
    • Wydanie I.
260 -Strefa adresu wydawniczego [ , ]
    • a
    • Miejsce wydania (P)
    • Warszawa :
    • b
    • Nazwa wydawcy (P)
    • PWN,
    • c
    • Data wydania (P)
    • 2025.
300 -Strefa opisu fizycznego [ , ]
    • a
    • Określenie formy książki i/lub objętość (NP)
    • 203 strony :
    • b
    • Oznaczenie ilustracji (NP)
    • ilustracje ;
    • c
    • Format (NP)
    • 24 cm.
336 -Typ zawartości [ , ]
    • a
    • Termin opisujący typ zawartości
    • Tekst
    • b
    • Kod określający zawartość
    • txt
    • 2
    • Źródło (terminu i kodu)
    • rdacontent
337 -Typ mediów [ , ]
    • a
    • Tryb odtwarzania
    • Bez urządzenia pośredniczącego
    • b
    • Kod typu mediów
    • n
    • 2
    • Źródło (terminu i kodu)
    • rdamedia
338 -Typ/rodzaj nośnika [ , ]
    • a
    • Hasło opisujące typ nośnika
    • Wolumin
    • b
    • Kod typu nośnika
    • nc
    • 2
    • Źródło (terminu i kodu)
    • rdacarrier
380 -Deskryptor - Forma dzieła (P) [ , ]
    • a
    • forma dzieła (NP)
    • Książki
380 -Deskryptor - Forma dzieła (P) [ , ]
    • a
    • forma dzieła (NP)
    • Publikacje dydaktyczne
380 -Deskryptor - Forma dzieła (P) [ , ]
    • a
    • forma dzieła (NP)
    • Publikacje fachowe
380 -Deskryptor - Forma dzieła (P) [ , ]
    • a
    • forma dzieła (NP)
    • Publikacje naukowe
385 -Deskryptor - grupa odbiorców (P) [ , ]
    • a
    • termin określający odbiorcę (P)
    • Menedżerowie i menedżerki
385 -Deskryptor - grupa odbiorców (P) [ , ]
    • m
    • wyrażenie wprowadzające (NP)
    • Poziom nauczania
    • a
    • termin określający odbiorcę (P)
    • Szkoły wyższe
385 -Deskryptor - grupa odbiorców (P) [ , ]
    • a
    • termin określający odbiorcę (P)
    • Pracownice i pracownicy samorządowi
385 -Deskryptor - grupa odbiorców (P) [ , ]
    • a
    • termin określający odbiorcę (P)
    • Przedsiębiorcy i przedsiębiorczynie
388 -Deskryptor - czas powstania dzieła (P) [1, ]
    • a
    • Czas powstania dzieła (NP)
    • 2001-
504 -Uwaga dot. bibliogr. załącznikowej [ , ]
    • a
    • Uwaga dot. bibliografii załącznikowej
    • Bibliografia na stronach 187-202.
536 -Uwaga dot. finansowania książki [ , ]
    • a
    • Tekst uwagi
    • Dofinansowano ze środków Ministra Nauki w ramach Programu "Regionalna inicjatywa doskonałości"
648 -Hasło przedmiotowe - chronologia [ ,7]
    • a
    • Deskryptor chronologiczny
    • 2001-
    • 2
    • Źródło terminu
    • DBN
    • 9
    • KHW
    • 721449
650 -Hasło przedmiotowe [ ,7]
    • a
    • Hasło przedmiotowe
    • Gospodarka regionalna
    • 2
    • Źródło terminu
    • DBN
    • 9
    • KHW
    • 725053
650 -Hasło przedmiotowe [ ,7]
    • a
    • Hasło przedmiotowe
    • Instytucje otoczenia biznesu
    • 2
    • Źródło terminu
    • DBN
    • 9
    • KHW
    • 734607
650 -Hasło przedmiotowe [ ,7]
    • a
    • Hasło przedmiotowe
    • Inteligentne specjalizacje
    • 2
    • Źródło terminu
    • DBN
    • 9
    • KHW
    • 734601
650 -Hasło przedmiotowe [ ,7]
    • a
    • Hasło przedmiotowe
    • Polityka innowacyjna
    • 2
    • Źródło terminu
    • DBN
    • 9
    • KHW
    • 724032
650 -Hasło przedmiotowe [ ,7]
    • a
    • Hasło przedmiotowe
    • Rozwój regionalny
    • 2
    • Źródło terminu
    • DBN
    • 9
    • KHW
    • 724033
650 -Hasło przedmiotowe [ ,7]
    • a
    • Hasło przedmiotowe
    • Samorząd terytorialny
    • 2
    • Źródło terminu
    • DBN
    • 9
    • KHW
    • 723747
650 -Hasło przedmiotowe [ ,7]
    • a
    • Hasło przedmiotowe
    • Zarządzanie rozwojem
    • 2
    • Źródło terminu
    • DBN
    • 9
    • KHW
    • 734594
650 -Hasło przedmiotowe [ ,7]
    • a
    • Hasło przedmiotowe
    • Zarządzanie wielopoziomowe
    • 2
    • Źródło terminu
    • DBN
    • 9
    • KHW
    • 729426
650 -Hasło przedmiotowe [ ,7]
    • a
    • Hasło przedmiotowe
    • Innowacje.
    • 2
    • Źródło terminu
    • kaba
    • 9
    • KHW
    • 112053
650 -Hasło przedmiotowe [ ,7]
    • a
    • Hasło przedmiotowe
    • Gospodarka regionalna
    • z
    • Określnik geograficzny
    • Polska
    • y
    • Określnik chronologiczny
    • 1990-.
    • 2
    • Źródło terminu
    • kaba
    • 9
    • KHW
    • 350741
650 -Hasło przedmiotowe [ ,7]
    • a
    • Hasło przedmiotowe
    • Rozwój gospodarczy
    • y
    • Określnik chronologiczny
    • 1990-.
    • 2
    • Źródło terminu
    • kaba
    • 9
    • KHW
    • 352951
651 -Hasło przedmiotowe w formie nazwy geograficznej [ ,7]
    • a
    • Nazwa geograficzna
    • Województwo dolnośląskie (1999- )
    • 2
    • Źródło terminu
    • DBN
    • 9
    • KHW
    • 732324
651 -Hasło przedmiotowe w formie nazwy geograficznej [ ,7]
    • a
    • Nazwa geograficzna
    • Województwo lubuskie (1999- )
    • 2
    • Źródło terminu
    • DBN
    • 9
    • KHW
    • 722807
651 -Hasło przedmiotowe w formie nazwy geograficznej [ ,7]
    • a
    • Nazwa geograficzna
    • Województwo opolskie (1999- )
    • 2
    • Źródło terminu
    • DBN
    • 9
    • KHW
    • 734578
651 -Hasło przedmiotowe w formie nazwy geograficznej [ ,7]
    • a
    • Nazwa geograficzna
    • Województwo wielkopolskie (1999- )
    • 2
    • Źródło terminu
    • DBN
    • 9
    • KHW
    • 730443
651 -Hasło przedmiotowe w formie nazwy geograficznej [ ,7]
    • a
    • Nazwa geograficzna
    • Województwo zachodniopomorskie (1999- )
    • 2
    • Źródło terminu
    • DBN
    • 9
    • KHW
    • 727992
655 -Hasło w funkcji tematu formalnego [ ,7]
    • a
    • Hasło
    • Monografia
    • 2
    • Źródło terminu
    • DBN
    • 9
    • KHW
    • 721273
658 -Ujęcie treści [ , ]
    • a
    • dziedzina nauki i sztuki/ sfera aktywności życiowej
    • Gospodarka, ekonomia, finanse
658 -Ujęcie treści [ , ]
    • a
    • dziedzina nauki i sztuki/ sfera aktywności życiowej
    • Polityka, politologia, administracja publiczna
700 -Hasło dodatkowe - nazwa osobowa [1, ]
    • a
    • Nazwa osobowa (NP)
    • Ociepa-Kicińska, Elżbieta. Find
    • e
    • Określenie rodzaju współpracy
    • Autor
    • 9
    • KHW
    • 564023
710 -Hasło dodatkowe - nazwa ciała zbiorowego [2, ]
    • a
    • Nazwa ciała zbiorowego lub nazwa geograficzna jako pierwszy element (NP)
    • Wydawnictwo Naukowe PWN.
    • e
    • Rodzaj współpracy
    • Wydawca
    • 4
    • Kod relacji
    • pbl
    • 9
    • KHW
    • 52648
920 -ISBN [ , ]
    • a
    • ISBN
    • 978-83-01-24316-6 (oprawa miękka) Find
Status udost. Numer inwentarzowy Data inwentaryzacji Lokalizacja
-13E.816452026-03-26BE
-13S.988832026-03-26BE
-2T.218382025-11-21T